| 000 | 00424cam a2200181ua 4500 | ||
|---|---|---|---|
| 020 | _c1.50 | ||
| 041 |
_amal _h |
||
| 082 |
_a894.812301 _bNAN/AK |
||
| 100 | _aNandanar, . | ||
| 245 |
_aAkasham thelinhu / _cNandanar. _hTextual Documents |
||
| 250 |
_a1 / _b. |
||
| 260 |
_aThrissur : _bCurrent Books , _c1961. |
||
| 300 | _a126 ; . | ||
| 365 | _a1.50 | ||
| 504 | _a | ||
| 942 | _cBK | ||
| 999 |
_c12620 _d12620 |
||